Top 5 Best NBA teams of the 2010's - Statistics

General Stats
  • This quiz has been taken 142 times
  • The average score is 4 of 5
Answer Stats
Wins Team % Correct
505 Golden State Warriors
95%
480 Miami Heat
91%
559 San Antonio Spurs
91%
488 Houston Rockets
69%
515 Oklahoma City Thunder
62%
No matching quizzes found
Score Distribution
Percent of People with Each Score
Percentile by Number Answered
Your Score History
You have not taken this quiz